000 01233cam a22003251 4500
001 33951
003 BD-RjUL
005 20211209052102.0
008 140512s1956 nyuab b 001 0 eng
035 _a(BD-RjUL)34043
040 _aDLC
_cDLC
_dBD-RjUL
_beng
041 _aeng
082 0 0 _a307.0973
_221
_bDUS 1956
100 1 _aDuncan, Otis Dudley.
_96882
245 1 0 _aSocial characteristics of urban and rural communities, 1950 /
_cby Otis Dudley Duncan and Albert J. Reiss, Jr., for the Social Science Research Council in cooperation with the U.S. Dept. of Commerce, Bureau of the Census.
260 _aNew York :
_bWiley,
_cc1956.
300 _axviii, 421 p. :
_billus. ;
_c24 cm.
504 _aBibliographical footnotes.
504 _aIncludes index.
650 0 _aCities and towns
_zUnited States.
_9103182
650 0 _aCountry life
_zUnited States.
_9101570
651 0 _aUnited States
_xSocial conditions
_y1945-
_913010
700 1 _aReiss, Albert J.,
_ejoint author.
_9103183
710 2 _aSocial Science Research Council (U.S.)
_9103184
710 1 _aUnited States.
_bBureau of the Census.
_9103185
942 _2ddc
_cBK
999 _c33951
_d33951